000 00794nam a2200289Ia 4500
001 Z_3793
003 CHAP
008 220113s1980 xx 000 0 und d
010 _a166854
040 _cCHAP
090 _aFolleto 508
100 _aPérez Pérez, Jorge
_989929
245 _aLa respuesta fisiológica de las plantas forrajeras al campo /
_cpor Jorge Pérez Pérez y Francisco Meléndez Nava
260 _aH. Cárdenas, Tab. :
_bColegio Superior de Agricultura Tropical,
_c1980
300 _a31 p. ; ilus.
440 _a
500 _a
503 _a
650 _aAltura de corte
_xEfectos
_9140989
650 _aPlantas forrajeras
_xFisiología
_9140990
901 _aFolleto 508
902 _aA
910 _a1980
942 _cc14
942 _cc14
999 _c166854
_d166854